| 000 | 00460nam a22001697a 4500 | ||
|---|---|---|---|
| 005 | 20251108171002.0 | ||
| 008 | 250721s1998 xx 000 0 ara d | ||
| 082 | 1 | 4 | _aط/ق/بلا |
| 100 | 1 | _aبلاكود، ر . د | |
| 245 | 1 | 0 | _aلورنا دون / |
| 264 | 1 |
_aبيروت : _bدار البحار، _c1998. |
|
| 300 | _a187ص. | ||
| 650 | 1 | 7 | _aالروايات |
| 653 | _aناشئون كبار (15 - 18 سنة) | ||
| 942 |
_2ddc _cBK |
||
| 999 |
_c53703 _d53703 |
||